<?xml version="1.0" encoding="UTF-8"?><?xml-stylesheet type="text/xsl" href="static/style.xsl"?><OAI-PMH xmlns="http://www.openarchives.org/OAI/2.0/" xmlns:xsi="http://www.w3.org/2001/XMLSchema-instance" xsi:schemaLocation="http://www.openarchives.org/OAI/2.0/ http://www.openarchives.org/OAI/2.0/OAI-PMH.xsd"><responseDate>2026-04-13T02:06:40Z</responseDate><request verb="GetRecord" identifier="oai:www.recercat.cat:11351/13086" metadataPrefix="marc">https://recercat.cat/oai/request</request><GetRecord><record><header><identifier>oai:recercat.cat:11351/13086</identifier><datestamp>2025-10-24T10:20:55Z</datestamp><setSpec>com_2072_378070</setSpec><setSpec>com_2072_378040</setSpec><setSpec>col_2072_378092</setSpec></header><metadata><record xmlns="http://www.loc.gov/MARC21/slim" xmlns:dcterms="http://purl.org/dc/terms/" xmlns:xsi="http://www.w3.org/2001/XMLSchema-instance" xmlns:doc="http://www.lyncode.com/xoai" xsi:schemaLocation="http://www.loc.gov/MARC21/slim http://www.loc.gov/standards/marcxml/schema/MARC21slim.xsd">
   <leader>00925njm 22002777a 4500</leader>
   <datafield ind2=" " ind1=" " tag="042">
      <subfield code="a">dc</subfield>
   </datafield>
   <datafield ind2=" " ind1=" " tag="720">
      <subfield code="a">Alexiou, Aikaterina</subfield>
      <subfield code="e">author</subfield>
   </datafield>
   <datafield ind2=" " ind1=" " tag="720">
      <subfield code="a">Carreras-Kàtcheff, Sofia</subfield>
      <subfield code="e">author</subfield>
   </datafield>
   <datafield ind2=" " ind1=" " tag="720">
      <subfield code="a">Hartmann, Karin</subfield>
      <subfield code="e">author</subfield>
   </datafield>
   <datafield ind2=" " ind1=" " tag="720">
      <subfield code="a">Treudler, Regina</subfield>
      <subfield code="e">author</subfield>
   </datafield>
   <datafield ind2=" " ind1=" " tag="720">
      <subfield code="a">Tassinari, Paolo</subfield>
      <subfield code="e">author</subfield>
   </datafield>
   <datafield ind2=" " ind1=" " tag="720">
      <subfield code="a">Cardona, Victoria</subfield>
      <subfield code="e">author</subfield>
   </datafield>
   <datafield ind2=" " ind1=" " tag="260">
      <subfield code="c">2025-05-15T06:53:25Z</subfield>
   </datafield>
   <datafield ind2=" " ind1=" " tag="260">
      <subfield code="c">2025-05-15T06:53:25Z</subfield>
   </datafield>
   <datafield ind2=" " ind1=" " tag="260">
      <subfield code="c">2025-04</subfield>
   </datafield>
   <datafield ind2=" " ind1=" " tag="520">
      <subfield code="a">Anaphylaxis; Food allergy; Immunotherapy</subfield>
   </datafield>
   <datafield ind2=" " ind1=" " tag="520">
      <subfield code="a">Anafilaxi; Al·lèrgia alimentària; Immunoteràpia</subfield>
   </datafield>
   <datafield ind2=" " ind1=" " tag="520">
      <subfield code="a">Anafilaxia; Alergia alimentaria; Inmunoterapia</subfield>
   </datafield>
   <datafield ind2=" " ind1=" " tag="520">
      <subfield code="a">Background&#xd;
IgE-mediated food allergy poses a significant public health concern, currently with no approved therapies for adults in Europe. Omalizumab (OMA) used as monotherapy or in conjunction with oral immunotherapy (OIT) has been suggested as an efficacious treatment for severe food allergy. The aim of this study was to analyze real-world data from food-allergic patients treated with OMA.&#xd;
Methods&#xd;
We included food-allergic patients treated with OMA between 2002 and 2022 throughout Europe. Treatment responders (TR) were identified based on the unresponsiveness to related food allergens (determined by food challenge), reduction in the severity of food allergy and absence of anaphylactic reactions.&#xd;
Results&#xd;
Sixty-two patients (female n = 39/62, 62.9%; mean age 30.6 years) were included into this analysis, most of whom were polysensitized to more than 2 food allergens (n = 40/62, 64.5%); 45/62 patients (72.6%) received OMA in conjunction with OIT, while the remaining patients underwent OMA monotherapy. The eliciting food allergens were tree nuts (n = 27/62, 43.5%), cow's milk (n = 26/62, 41.9%), and vegetables (n = 25/62, 40.3%). In most cases, OMA was initiated with 300 mg q4w (n = 51/62, 82.3%) dosing. Treatment was tolerated exceptionally well.&#xd;
Fifty-two (52/62) patients (83.9%) were classified as treatment responders. Six (6/62) patients (9.7%) developed unresponsiveness, 6/62 (9.7%) had a reduction of the severity of food allergy, and 40/62 (64.5%) had no further anaphylactic reactions during treatment. One (1/62) patient (1.6%) undergoing monotherapy was a non-responder, exhibiting repeated anaphylactic reactions to accidental exposures, and 10/62 patients (16.1%) reported anaphylactic reactions during treatment. In most of these cases, cofactors (n = 5/10, 50%) were present.&#xd;
Conclusion&#xd;
Our real-world evidence data indicate efficacy and tolerability of OMA for the treatment of IgE-mediated food allergy with and without OIT. As the onset of food related reactions upon treatment was frequently linked to the presence of cofactors, these should be identified and considered in patients with food allergy—not only for diagnosis, but also in treatment settings.</subfield>
   </datafield>
   <datafield ind2=" " ind1=" " tag="520">
      <subfield code="a">A. Alexiou is funded by the Deutsche Forschungsgemeinschaft (DFG, German Research Foundation) as part of the clinical research unit (CRU339): Food allergy and tolerance (FOOD@) – project-number 428447634.</subfield>
   </datafield>
   <datafield ind1="8" ind2=" " tag="024">
      <subfield code="a">http://hdl.handle.net/11351/13086</subfield>
   </datafield>
   <datafield tag="653" ind2=" " ind1=" ">
      <subfield code="a">Al·lèrgia alimentària - Immunoteràpia</subfield>
   </datafield>
   <datafield tag="653" ind2=" " ind1=" ">
      <subfield code="a">Avaluació de resultats (Assistència sanitària)</subfield>
   </datafield>
   <datafield tag="653" ind2=" " ind1=" ">
      <subfield code="a">Anticossos monoclonals - Ús terapèutic</subfield>
   </datafield>
   <datafield tag="653" ind2=" " ind1=" ">
      <subfield code="a">DISEASES::Immune System Diseases::Hypersensitivity::Hypersensitivity, Immediate::Food Hypersensitivity</subfield>
   </datafield>
   <datafield tag="653" ind2=" " ind1=" ">
      <subfield code="a">Other subheadings::Other subheadings::Other subheadings::/drug therapy</subfield>
   </datafield>
   <datafield tag="653" ind2=" " ind1=" ">
      <subfield code="a">CHEMICALS AND DRUGS::Amino Acids, Peptides, and Proteins::Proteins::Blood Proteins::Immunoproteins::Immunoglobulins::Antibodies::Antibodies, Monoclonal::Antibodies, Monoclonal, Humanized</subfield>
   </datafield>
   <datafield tag="653" ind2=" " ind1=" ">
      <subfield code="a">Other subheadings::Other subheadings::/therapeutic use</subfield>
   </datafield>
   <datafield tag="653" ind2=" " ind1=" ">
      <subfield code="a">ANALYTICAL, DIAGNOSTIC AND THERAPEUTIC TECHNIQUES, AND EQUIPMENT::Diagnosis::Prognosis::Treatment Outcome</subfield>
   </datafield>
   <datafield tag="653" ind2=" " ind1=" ">
      <subfield code="a">ENFERMEDADES::enfermedades del sistema inmune::hipersensibilidad::hipersensibilidad inmediata::hipersensibilidad a los alimentos</subfield>
   </datafield>
   <datafield tag="653" ind2=" " ind1=" ">
      <subfield code="a">Otros calificadores::Otros calificadores::Otros calificadores::/farmacoterapia</subfield>
   </datafield>
   <datafield tag="653" ind2=" " ind1=" ">
      <subfield code="a">COMPUESTOS QUÍMICOS Y DROGAS::aminoácidos, péptidos y proteínas::proteínas::proteínas sanguíneas::inmunoproteínas::inmunoglobulinas::anticuerpos::anticuerpos monoclonales::anticuerpos monoclonales humanizados</subfield>
   </datafield>
   <datafield tag="653" ind2=" " ind1=" ">
      <subfield code="a">Otros calificadores::Otros calificadores::/uso terapéutico</subfield>
   </datafield>
   <datafield tag="653" ind2=" " ind1=" ">
      <subfield code="a">TÉCNICAS Y EQUIPOS ANALÍTICOS, DIAGNÓSTICOS Y TERAPÉUTICOS::diagnóstico::pronóstico::resultado del tratamiento</subfield>
   </datafield>
   <datafield ind2="0" ind1="0" tag="245">
      <subfield code="a">Efficacy of omalizumab in food allergic adults - A retrospective analysis</subfield>
   </datafield>
</record></metadata></record></GetRecord></OAI-PMH>